| 000 | 00761nam a2200253Ia 4500 | ||
|---|---|---|---|
| 003 | OSt | ||
| 005 | 20221005045444.0 | ||
| 006 | a|||||r|||| 00| 0 | ||
| 007 | ta | ||
| 008 | 221004b |||||||| |||| 00| 0 eng d | ||
| 020 |
_a9781785480454 (hbk) _c10044 |
||
| 024 | _a25386 | ||
| 037 |
_b125, 22/03/2016, Mallika Books _cTextual |
||
| 040 |
_aCRL _cCRL _beng |
||
| 041 |
_2eng _aeng |
||
| 082 | _a2:(D65,8(B)), Q6 | ||
| 100 |
_aPapy Fabrica _9593597 |
||
| 245 | 0 |
_aDigital libraries _b Interoperability and uses |
|
| 260 |
_aKidlington _bElsevier UK _c2016 |
||
| 300 |
_avi, 146p. _ccm. |
||
| 650 | _aLIBRARY SCIENCE | ||
| 942 |
_h2:(D65,8(B)), Q6 _cTEXL _2cc |
||
| 999 |
_c955030 _d955030 |
||